[Event "NM Junior Gruppe C 2002"]
[Site "Tjele"]
[Date "2002.02.16"]
[Round "5"]
[White "Rhee, Alexander Kasper"]
[Black "Skrondal, Inge Sandstad"]
[Result "0-1"]
[WhiteElo "1635"]
[BlackElo "1435"]
[PlyCount "61"]
[EventDate "2002.??.??"]

1. e4 c5 2. Nf3 Nc6 3. d4 cxd4 4. Nxd4 g6 5. Nxc6 bxc6 6. Qd4 Nf6 7. e5 Nd5 8.
c4 Nb4 9. Qc3 e6 10. a3 Na6 11. Nd2 c5 12. Ne4 Be7 13. Nd6+ Bxd6 14. exd6 f6
15. Bg5 Kf7 16. Be3 Qb6 17. Qd2 Qb3 18. Bd3 Rb8 19. Rb1 Rb6 20. Be2 Bb7 21. f3
Bc6 22. O-O Rhb8 23. Rf2 Ba4 24. Bd3 Rxd6 25. Bxg6+ Ke7 26. Qe1 hxg6 27. Bf4
Qxc4 28. Bxd6+ Kxd6 29. Rd2+ Ke7 30. Qg3 Kf7 31. Rxd7+ 0-1

[Event "NM Junior Gruppe C 2002"]
[Site "Tjele"]
[Date "2002.02.16"]
[Round "6"]
[White "Glud, Jakob Vang"]
[Black "Lehtovirta, Verneri"]
[Result "1-0"]
[WhiteElo "2048"]
[BlackElo "1482"]
[PlyCount "127"]
[EventDate "2002.??.??"]

1. e4 e5 2. Nf3 Nc6 3. Bc4 Bc5 4. O-O Nf6 5. d3 h6 6. c3 O-O 7. a4 a5 8. d4
exd4 9. cxd4 Bb6 10. e5 Ne8 11. d5 Ne7 12. Be3 d6 13. Bxb6 cxb6 14. Nc3 Bg4 15.
exd6 Nxd6 16. Be2 Rc8 17. Ra3 Rc5 18. Qd4 Bf5 19. Rd1 Qc7 20. Bd3 Re8 21. Raa1
Bxd3 22. Qxd3 Ng6 23. Re1 Qd7 24. Rxe8+ Nxe8 25. Qd4 Nd6 26. Re1 Nc4 27. Ne4
Rc8 28. b3 Nd6 29. Ng3 Qc7 30. Nh5 f6 31. h3 b5 32. Qg4 Kh7 33. Nd4 bxa4 34.
bxa4 Qc3 35. Re7 Ne8 36. Re3 Qa1+ 37. Kh2 Rd8 38. Nf5 Ne5 39. Qe4 g6 40. Nh4
Nd6 41. Nxf6+ Kg7 42. Qxe5 Qxe5+ 43. Rxe5 Kxf6 44. Re6+ Kg7 45. Rxg6+ Kh7 46.
Re6 Rd7 47. Ng6 Rd8 48. Nf4 Rd7 49. g4 b5 50. axb5 Nxb5 51. Ra6 Ra7 52. Rxa7+
Nxa7 53. Nd3 a4 54. Nb4 Nb5 55. Na2 Nd6 56. f4 Kg7 57. Kg3 a3 58. Kf3 Kf6 59.
Ke3 Ke7 60. Kd4 Nf7 61. Kc5 Kd7 62. Kc4 Kd6 63. Nc3 Nh8 64. Nb5+ 1-0

[Event "NM Junior Gruppe C 2002"]
[Site "Tjele"]
[Date "2002.02.16"]
[Round "6"]
[White "Kjartansson, Gudmundur"]
[Black "Fossum, Oystein Boyum"]
[Result "1-0"]
[WhiteElo "2060"]
[BlackElo "1682"]
[PlyCount "139"]
[EventDate "2002.??.??"]

1. e4 e6 2. d4 d5 3. Nc3 Nf6 4. Bg5 Be7 5. e5 Nfd7 6. Bxe7 Qxe7 7. f4 a6 8. Nf3
c5 9. g3 Nc6 10. Qd2 b5 11. Bg2 b4 12. Ne2 a5 13. O-O Ba6 14. Rfe1 Bxe2 15.
Rxe2 cxd4 16. Kh1 Qc5 17. Rd1 Nb6 18. b3 Rc8 19. Nxd4 Nxd4 20. Qxd4 Qxd4 21.
Rxd4 Ke7 22. Kg1 Rc3 23. Kf2 Rhc8 24. Rdd2 Na8 25. Ke1 R8c5 26. Kd1 Nc7 27. Rf2
g6 28. Bf1 Nb5 29. Bd3 h5 30. h3 Na7 31. g4 hxg4 32. hxg4 Rc8 33. Rh2 Rg8 34.
Kc1 Rcc8 35. Rh7 Nc6 36. Kb2 Rh8 37. Bxg6 Rxh7 38. Bxh7 Rh8 39. Bd3 Rh4 40. Rg2
f6 41. exf6+ Kxf6 42. Rg3 Rh2 43. g5+ Kg7 44. f5 exf5 45. Bxf5 Rf2 46. Bd3 Ne5
47. g6 Rf6 48. Re3 Nxd3+ 49. Rxd3 Rd6 50. c4 Kxg6 51. c5 Rd8 52. c6 d4 53. Rxd4
Rc8 54. Rc4 Kf6 55. a4 bxa3+ 56. Kxa3 Ke6 57. Ka4 Kd6 58. c7 Rxc7 59. Rxc7 Kxc7
60. Kxa5 Kc6 61. b4 Kb7 62. Kb5 Ka7 63. Kc6 Ka6 64. b5+ Ka7 65. Kc7 Ka8 66. Kb6
Kb8 67. Ka6 Ka8 68. b6 Kb8 69. b7 Kc7 70. Ka7 1-0

[Event "NM Junior Gruppe C 2002"]
[Site "Tjele"]
[Date "2002.02.16"]
[Round "6"]
[White "Nestorov, Marta"]
[Black "Rhee, Alexander Kasper"]
[Result "1/2-1/2"]
[WhiteElo "1908"]
[BlackElo "1635"]
[PlyCount "45"]
[EventDate "2002.??.??"]

1. d4 Nf6 2. c4 c5 3. Nf3 e6 4. Nc3 cxd4 5. Nxd4 Nc6 6. e3 Be7 7. Be2 O-O 8.
O-O Nxd4 9. exd4 d5 10. Be3 b6 11. cxd5 exd5 12. Bd3 Bb7 13. Qf3 Re8 14. Rac1
a6 15. Rfe1 Ne4 16. Qf5 g6 17. Qf3 Ng5 18. Qd1 Bf6 19. Qb3 Ne6 20. Ne2 Qd6 21.
Qc3 Re7 22. Qd2 Rae8 23. Bb1 1/2-1/2

[Event "NM Junior Gruppe C 2002"]
[Site "Tjele"]
[Date "2002.02.16"]
[Round "6"]
[White "Nithander, Viktor"]
[Black "Skrondal, Inge Sandstad"]
[Result "1/2-1/2"]
[WhiteElo "1914"]
[BlackElo "1435"]
[PlyCount "120"]
[EventDate "2002.??.??"]

1. e4 e5 2. Nf3 Nf6 3. d4 Nxe4 4. Bd3 d5 5. Nxe5 Be7 6. O-O Nd7 7. Nxd7 Bxd7 8.
c4 Nf6 9. Re1 O-O 10. Nc3 Bc6 11. c5 a5 12. Bf4 Qd7 13. Qc2 Rfe8 14. Bf5 Qd8
15. Re2 g6 16. Bd3 Bf8 17. Bg5 Bg7 18. Rae1 Qd7 19. Qd2 Rxe2 20. Rxe2 Re8 21.
f3 Rxe2 22. Bxe2 Qe8 23. Qf4 Nd7 24. Bh6 Bh8 25. Kf2 Nf8 26. Bxf8 Qxf8 27. Bd1
Qd8 28. a3 Be8 29. b4 c6 30. Ke2 b5 31. Na2 a4 32. Kd3 Bf6 33. Qe3 Qe7 34. Nc3
Bd7 35. Qxe7 Bxe7 36. Ke3 Bg5+ 37. f4 Be7 38. g4 h6 39. Be2 f6 40. h3 Kf7 41.
Kf3 Bd8 42. Bd3 Bc7 43. Nd1 g5 44. fxg5 hxg5 45. Ne3 Bf4 46. Nc2 Bc1 47. Ke2
Bb2 48. Kd2 f5 49. gxf5 Kf6 50. Ne3 Bxd4 51. Ng4+ Ke7 52. Kc2 Be8 53. Kb1 Bh5
54. Be2 Bxg4 55. Bxg4 Be5 56. Kc2 Kf6 57. Kc1 Bd4 58. Kc2 Ke7 59. Kc1 Bf6 60.
Kc2 Be5 1/2-1/2